岡山県の戦前市制・町制 - Statistics

General Stats
  • This quiz has been taken 108 times
  • The average score is 45 of 74
Answer Stats
施行日 施行内容 所属郡 回答 % Correct
1889.06.01 市制 (市) 岡山市
100%
1928.04.01 市制 (市) 倉敷市
98%
1896.02.26 町制 阿賀郡 新見町
96%
1889.06.01 町制 上房郡 高梁町
94%
1891.10.23 町制 小田郡 笠岡町
94%
1929.02.11 市制 (市) 津山市
94%
1891.06.03 町制 窪屋郡 倉敷町
92%
1896.02.26 町制 英田郡 倉敷町
92%
1889.06.01 町制 西北条郡 津山町
90%
1896.02.26 町制 上道郡 西大寺町
86%
1896.02.26 町制 都宇郡 早島町
86%
1896.02.26 町制 賀陽郡 総社町
86%
1897.05.26 町制 浅口郡 玉島町
86%
1896.02.26 町制 小田郡 矢掛町
84%
1896.02.26 町制 後月郡 井原町
84%
1896.02.26 町制 真島郡 勝山町
84%
1919.01.01 町制 児島郡 宇野町
84%
1928.11.01 町制 児島郡 児島町
82%
1940.08.03 市制 (市) 玉野市
82%
1896.02.26 町制 邑久郡 牛窓町
80%
1901.02.06 町制 和気郡 片上町
80%
1901.02.06 町制 和気郡 和気町
80%
1906.03.28 町制 和気郡 日生町
78%
1896.02.26 町制 都宇郡 茶屋町
75%
1896.02.26 町制 大庭郡 久世町
71%
1897.05.26 町制 真庭郡 落合町
71%
1906.03.28 町制 和気郡 三石町
71%
1915.01.01 町制 赤磐郡 瀬戸町
71%
1896.02.26 町制 都宇郡 妹尾町
69%
1906.03.28 町制 勝田郡 勝間田町
69%
1940.11.03 町制 勝田郡 勝田町
67%
1901.04.01 町制 川上郡 成羽町
65%
1901.02.06 町制 浅口郡 寄島町
63%
1912.04.01 町制 和気郡 伊部町
63%
1923.10.31 町制 浅口郡 金光町
61%
1925.10.25 町制 浅口郡 鴨方町
61%
1927.10.01 町制 阿哲郡 刑部町
61%
1925.06.01 町制 小田郡 小田町
59%
1889.06.01 町制 東南条郡 津山東町
57%
1923.04.01 町制 苫田郡 津山東町
57%
1929.07.01 町制 上房郡 呰部町
57%
1940.02.11 町制 浅口郡 船穂町
57%
1896.02.26 町制 児島郡 下津井町
53%
1904.06.01 町制 都窪郡 撫川町
53%
1922.10.01 町制 英田郡 大原町
53%
1915.11.01 町制 御津郡 金川町
51%
1924.07.01 町制 苫田郡 加茂町
51%
1912.04.01 町制 浅口郡 連島町
49%
1896.02.26 町制 賀陽郡 足守町
47%
1922.11.23 町制 久米郡 福渡町
47%
1906.03.28 町制 児島郡 味野町
45%
1927.10.01 町制 和気郡 香登町
45%
1940.11.03 町制 真庭郡 湯原町
45%
1901.02.06 町制 川上郡 吹屋町
43%
1901.02.06 町制 吉備郡 庭瀬町
41%
1906.04.01 町制 児島郡 日比町
41%
1915.11.10 町制 吉備郡 高松町
41%
1917.04.01 町制 久米郡 弓削町
41%
1922.04.01 町制 後月郡 高屋町
39%
1934.07.15 町制 浅口郡 六条院町
39%
1924.10.01 町制 後月郡 芳井町
37%
1924.04.01 町制 邑久郡 鹿忍町
35%
1934.11.28 町制 英田郡 江見町
35%
1901.02.06 町制 児島郡 八浜町
33%
1901.02.06 町制 小田郡 金浦町
33%
1915.11.10 町制 児島郡 藤戸町
33%
1925.04.01 町制 後月郡 西江原町
31%
1942.11.03 町制 久米郡 加美町
31%
1915.11.01 町制 児島郡 琴浦町
29%
1922.01.01 町制 浅口郡 河内町
29%
1935.01.01 町制 児島郡 赤崎町
29%
1940.12.01 町制 都窪郡 中洲町
29%
1929.08.01 町制 吉備郡 真金町
27%
1925.11.01 町制 浅口郡 長尾町
25%
No matching quizzes found
Score Distribution
Percent of People with Each Score
Percentile by Number Answered
Your Score History
You have not taken this quiz